Влияние условий кристаллизации на свойства отливок из бронзы Брос 10-10; Литейное производство; № 6
| Parent link: | Литейное производство: научно-технический журнал.— , 1930- № 6.— 2011.— [С. 11-13] |
|---|---|
| Hlavní autor: | |
| Shrnutí: | Заглавие с экрана Свойства отливок из бронзы БрОС 10-10. Показано, что рост скорости охлаждения приводит к росту твердости, предела прочности на растяжение отлитых в кокиль образцов и снижению коэффициента трения. Снижение же скорости охлаждения дает снижение твердости и предела прочности на растяжение, но вместе с тем повышается ударная вязкость образцов. В статье показано, как такие изменения свойств связаны со структурой образцов. Research results of cooling speed influence on structure and properties lead-tin bronze LB2 (C93700) are resulted. It's shown that growth of cooling speed gives increasing of hardness, strength of samples and to decrease a friction. Decrease in cooling speed gives decrease of hardness and strength but at the same time impact strength of samples raises. In article it's shown, how such changes of properties are connected with structure of the cast samples. Режим доступа: по договору с организацией-держателем ресурса |
| Jazyk: | ruština |
| Vydáno: |
2011
|
| Témata: | |
| On-line přístup: | http://elibrary.ru/item.asp?id=16530615 |
| Médium: | MixedMaterials Elektronický zdroj Kapitola |
| KOHA link: | https://koha.lib.tpu.ru/cgi-bin/koha/opac-detail.pl?biblionumber=638691 |
MARC
| LEADER | 00000naa0a2200000 4500 | ||
|---|---|---|---|
| 001 | 638691 | ||
| 005 | 20250207093458.0 | ||
| 035 | |a (RuTPU)RU\TPU\network\3083 | ||
| 090 | |a 638691 | ||
| 100 | |a 20150210d2011 k||y0rusy50 ca | ||
| 101 | 0 | |a rus | |
| 102 | |a RU | ||
| 135 | |a drcn ---uucaa | ||
| 181 | 0 | |a i | |
| 182 | 0 | |a b | |
| 200 | 1 | |a Влияние условий кристаллизации на свойства отливок из бронзы Брос 10-10 |d Influence of Crystallization Conditions on Bronze LB2 (C93700) Properties |f Н. В. Мартюшев | |
| 203 | |a Текст |c электронный | ||
| 300 | |a Заглавие с экрана | ||
| 320 | |a [Библиогр.: с. 13 (3 назв.)] | ||
| 330 | |a Свойства отливок из бронзы БрОС 10-10. Показано, что рост скорости охлаждения приводит к росту твердости, предела прочности на растяжение отлитых в кокиль образцов и снижению коэффициента трения. Снижение же скорости охлаждения дает снижение твердости и предела прочности на растяжение, но вместе с тем повышается ударная вязкость образцов. В статье показано, как такие изменения свойств связаны со структурой образцов. | ||
| 330 | |a Research results of cooling speed influence on structure and properties lead-tin bronze LB2 (C93700) are resulted. It's shown that growth of cooling speed gives increasing of hardness, strength of samples and to decrease a friction. Decrease in cooling speed gives decrease of hardness and strength but at the same time impact strength of samples raises. In article it's shown, how such changes of properties are connected with structure of the cast samples. | ||
| 333 | |a Режим доступа: по договору с организацией-держателем ресурса | ||
| 461 | |t Литейное производство |o научно-технический журнал |d 1930- | ||
| 463 | |t № 6 |v [С. 11-13] |d 2011 | ||
| 510 | 1 | |a Influence of Crystallization Conditions on Bronze LB2 (C93700) Properties |z eng | |
| 610 | 1 | |a электронный ресурс | |
| 610 | 1 | |a труды учёных ТПУ | |
| 610 | 1 | |a БрОС 10-10 | |
| 700 | 1 | |a Мартюшев |b Н. В. |c специалист в области материаловедения |c доцент Томского политехнического университета, кандидат технических наук |f 1981- |g Никита Владимирович |3 (RuTPU)RU\TPU\pers\26537 |9 12231 | |
| 801 | 2 | |a RU |b 63413507 |c 20150210 |g RCR | |
| 856 | 4 | |u http://elibrary.ru/item.asp?id=16530615 | |
| 942 | |c CF | ||